000 01276nam a2200277 i 4500
001 126376
003 ES-MaACL
005 20260108124235.0
007 t|
008 070214q1903 sp r ||||1| spa d
100 1 _aRenault, Charles.
_9172876
245 1 4 _aLas huelgas :
_bsu historia y toda la legislación actual de Europa y América /
_cCarlos Renault ; versión española seguida de un apéndice sobre las últimas huelgas en España y el extranjero por Rafael Urbano.
260 _aMadrid :
_bB. Rodríguez Serra,
_c[1903?] (
_fImp. de Felipe Marqués)
300 _a341 p. ;
_c22 cm.
490 1 _aBiblioteca de filosofía sociológica ;
_v3
505 8 _aPrimera parte: Sustancias de las huelgas . Segunda parte: Legislación sobre las huelgas . Apéndice: Las huelgas españolas
530 _aDisponible en formato digital.
586 _aObra premiada por la Academia francesa de Ciencias Morales y Políticas
650 4 _aHuelgas.
_913489
700 1 _aUrbano, Rafael,
_d1870-1924
_9112074
830 1 _aBiblioteca de filosofía sociológica ;
_v3
_9219109
852 _aES-MaACL
_jB-3526
_cSPB
856 4 _uhttp://bdh-rd.bne.es/viewer.vm?id=0000225378&page=1
_y(Biblioteca Digital Hispánica)
942 _2udc
999 _c126376
_d126376